| 000 -LEADER |
| fixed length control field |
01447cam a2200337 a 4500 |
| 001 - CONTROL NUMBER |
| control field |
12917538 |
| 003 - CONTROL NUMBER IDENTIFIER |
| control field |
CEME |
| 005 - DATE AND TIME OF LATEST TRANSACTION |
| control field |
20210628201522.0 |
| 008 - FIXED-LENGTH DATA ELEMENTS--GENERAL INFORMATION |
| fixed length control field |
020905s2003 nyua b 001 0 eng |
| 010 ## - LIBRARY OF CONGRESS CONTROL NUMBER |
| LC control number |
2002513116 |
| 020 ## - INTERNATIONAL STANDARD BOOK NUMBER |
| International Standard Book Number |
0471152323 (alk. paper) |
| 040 ## - CATALOGING SOURCE |
| Original cataloging agency |
DLC |
| Transcribing agency |
DLC |
| Modifying agency |
DLC |
| 050 00 - LIBRARY OF CONGRESS CALL NUMBER |
| Classification number |
TJ265 |
| Item number |
.S66 2003 |
| 082 04 - DEWEY DECIMAL CLASSIFICATION NUMBER |
| Classification number |
621.402/1 |
| Edition number |
21 |
| 100 1# - MAIN ENTRY--PERSONAL NAME |
| Personal name |
Sonntag, Richard Edwin. |
| 9 (RLIN) |
41815 |
| 245 10 - TITLE STATEMENT |
| Title |
Fundamentals of thermodynamics / |
| Statement of responsibility, etc. |
Richard E. Sonntag, Claus Borgnakke, Gordon J. Van Wylen. |
| 246 30 - VARYING FORM OF TITLE |
| Title proper/short title |
Thermodynamics |
| 250 ## - EDITION STATEMENT |
| Edition statement |
6th ed. |
| 260 ## - PUBLICATION, DISTRIBUTION, ETC. |
| Place of publication, distribution, etc. |
New York : |
| Name of publisher, distributor, etc. |
Wiley, |
| Date of publication, distribution, etc. |
c2003. |
| 300 ## - PHYSICAL DESCRIPTION |
| Extent |
xvii, 794 p. : |
| Other physical details |
ill. (some col.) ; |
| Dimensions |
26 cm. + |
| Accompanying material |
1 CD-ROM (4 3/4 in.) |
| 500 ## - GENERAL NOTE |
| General note |
First-4th eds. under title: Fundamentals of classical thermodynamics / Gordon J. Van Wylen. |
| 504 ## - BIBLIOGRAPHY, ETC. NOTE |
| Bibliography, etc. note |
Includes bibliographical references (p. 773) and index. |
| 650 #0 - SUBJECT ADDED ENTRY--TOPICAL TERM |
| Topical term or geographic name entry element |
Thermodynamics. |
| 9 (RLIN) |
7134 |
| 700 1# - ADDED ENTRY--PERSONAL NAME |
| Personal name |
Borgnakke, C. |
| Fuller form of name |
(Claus) |
| 9 (RLIN) |
55619 |
| 700 1# - ADDED ENTRY--PERSONAL NAME |
| Personal name |
Van Wylen, Gordon J. |
| Fuller form of name |
(Gordon John), |
| Dates associated with a name |
1920- |
| 9 (RLIN) |
55620 |
| 700 1# - ADDED ENTRY--PERSONAL NAME |
| Personal name |
Van Wylen, Gordon J. |
| Fuller form of name |
(Gordon John), |
| Dates associated with a name |
1920- |
| Title of a work |
Fundamentals of classical thermodynamics. |
| 9 (RLIN) |
55621 |
| 856 42 - ELECTRONIC LOCATION AND ACCESS |
| Materials specified |
Publisher description |
| Uniform Resource Identifier |
<a href="http://www.loc.gov/catdir/description/wiley036/2002513116.html">http://www.loc.gov/catdir/description/wiley036/2002513116.html</a> |
| 856 41 - ELECTRONIC LOCATION AND ACCESS |
| Materials specified |
Table of contents |
| Uniform Resource Identifier |
<a href="http://www.loc.gov/catdir/toc/fy032/2002513116.html">http://www.loc.gov/catdir/toc/fy032/2002513116.html</a> |
| 856 42 - ELECTRONIC LOCATION AND ACCESS |
| Materials specified |
Contributor biographical information |
| Uniform Resource Identifier |
<a href="http://www.loc.gov/catdir/enhancements/fy0806/2002513116-b.html">http://www.loc.gov/catdir/enhancements/fy0806/2002513116-b.html</a> |
| 942 ## - ADDED ENTRY ELEMENTS (KOHA) |
| Source of classification or shelving scheme |
|
| Koha item type |
Book |